[Event "Victoria Daffodil op"]
[Site "Victoria"]
[Date "2005.04.23"]
[Round "2.4"]
[White "Losel, Francis"]
[Black "Aquino, Manfrei"]
[Result "0-1"]
[WhiteElo "1160"]
[BlackElo "1950"]
[PlyCount "54"]
[EventDate "2005.04.23"]
[EventType "swiss"]
[EventRounds "4"]
[EventCountry "CAN"]
[SourceTitle "EXT 2022"]
[Source "ChessBase"]
[SourceDate "2021.10.06"]
[SourceVersion "1"]
[SourceVersionDate "2021.10.06"]
[SourceQuality "1"]

1. e4 e5 2. f4 Bc5 3. Nf3 d6 4. Bc4 Nf6 5. d3 Nc6 6. h3 Qe7 7. Nc3 a6 8. f5 h6 9. Qe2 Bd7 10. Be3 Nd4 11. Bxd4 exd4 12. Nd5 Nxd5 13. Bxd5 0-0-0 14. 0-0-0 Bxf5 15. Rhf1 Be6 16. Bxe6+ Qxe6 17. Kb1 Rhe8 18. Rf2 d5 19. Nd2 f5 20. Nb3 Bb6 21. Rdf1 fxe4 22. Rf5 c5 23. Qh5 g6 24. Rf6 Qxf6 25. Rxf6 gxh5 26. Rxb6 e3 27. Nxc5 e2 0-1